| 000 | 00000nam 2200000zi 4500 |
| 001 | 9.888118 |
| 003 | CaOODSP |
| 005 | 20241105150755 |
| 006 | m o d f |
| 007 | cr cn||||||||| |
| 008 | 200609t20202020onc o f000 0 fre d |
| 020 | |a9780660351674 |
| 040 | |aCaOODSP|bfre|erda|cCaOODSP |
| 043 | |an-cn--- |
| 086 | 1 |aIu71-4/47-2020F-PDF |
| 245 | 00|aFeuille de route de la PI : |bla marche à suivre pour obtenir votre brevet. |
| 250 | |a[Édition de 2020]. |
| 264 | 1|a[Ottawa] : |bInnovation, sciences et développement économique Canada = Innovation, Science and Economic Development Canada, |c[2020] |
| 264 | 4|c©2020 |
| 300 | |a1 ressource en ligne (1 page non numérotée) |
| 336 | |atexte|btxt|2rdacontent/fre |
| 337 | |ainformatique|bc|2rdamedia/fre |
| 338 | |aressource en ligne|bcr|2rdacarrier/fre |
| 500 | |aPublié aussi en anglais sous le titre : IP roadmap: your path to getting a patent grant. |
| 500 | |aPublié aussi en format HTML. |
| 650 | 6|aPropriété intellectuelle|zCanada. |
| 650 | 6|aBrevets d'invention|zCanada. |
| 710 | 1 |aCanada. |bInnovation, sciences et développement économique Canada, |eorganisme de publication. |
| 710 | 2 |aOffice de la propriété intellectuelle du Canada, |eorganisme de publication. |
| 775 | 08|tIP roadmap : |w(CaOODSP)9.888116 |
| 776 | 0#|tFeuille de route de la PI : |w(CaOODSP)9.888124 |
| 794 | |tFeuille de route de la PI : |b[Édition de 2024]|w(CaOODSP)9.931638 |
| 795 | |tFeuille de route de la PI |b[Édition de 2018]|w(CaOODSP)9.850415 |
| 856 | 40|qPDF|s212 Ko|uhttps://publications.gc.ca/collections/collection_2021/opic-cipo/Iu71-4-47-2020-fra.pdf |
| 856 | 4 |qHTML|sS.O.|uhttps://www.ic.gc.ca/eic/site/cipointernet-internetopic.nsf/fra/wr04774.html |